| 000 | 00548nam a2200193 a 4500 | ||
|---|---|---|---|
| 001 | 8197 | ||
| 003 | CO-ViMGA | ||
| 008 | 141112s2004 ck r 000 u spa d | ||
| 020 | _a9589232310 | ||
| 040 |
_aCO-ViMGA _bspa _cCO-ViMGA |
||
| 082 | 0 | 4 | _a871.01 O94a |
| 100 | 1 | _aOvidio Nason, Publio | |
| 245 | 1 | 0 |
_aEl arte de amar / _cOvidio Nason Publio |
| 260 |
_aBogotá, _caltamir 1994 |
||
| 300 | _a109 p. | ||
| 590 | _aForma de adquisición : donacion - - Proveedor : Luis Ángel Arango | ||
| 650 | 1 | 4 |
_aamor en la literatura _969 |
| 942 |
_2ddc _cBK |
||
| 999 |
_c20009 _d20009 |
||